[Event "Anogia op 5th"]
[Site "Anogia"]
[Date "2016.07.12"]
[Round "1"]
[White "Gouloutis, Nikolaos"]
[Black "Mourouti, Marietta"]
[Result "1-0"]
[WhiteElo "2325"]
[BlackElo "1594"]
[PlyCount "77"]
[EventDate "2016.07.12"]
[EventType "swiss"]
[EventRounds "9"]
[EventCountry "GRE"]
[SourceTitle "CBM 173 Extra"]
[Source "ChessBase"]
[SourceDate "2016.08.29"]
[SourceVersion "1"]
[SourceVersionDate "2016.08.29"]
[SourceQuality "1"]

1. d4 d5 2. c4 e6 3. Nc3 c5 4. cxd5 exd5 5. Nf3 Nc6 6. g3 Nf6 7. Bg2 Be7 8. 0-0 0-0 9. Bg5 cxd4 10. Nxd4 Be6 11. Nxe6 fxe6 12. Bh3 Qd6 13. Rc1 h6 14. Bxf6 Rxf6 15. Qb3 Qb4 16. Qxb4 Nxb4 17. Nb5 Nxa2 18. Ra1 Nb4 19. Nc7 Rd8 20. Nxe6 Rd6 21. Nc5 a6 22. Nxb7 Rb6 23. Na5 Nc2 24. Ra2 Rf8 25. e3 Bf6 26. Rd1 d4 27. Nc4 Rc6 28. b3 Nb4 29. Ra4 Nc2 30. Bf5 dxe3 31. Bxc2 exf2+ 32. Kxf2 Bd4+ 33. Kg2 Rf2+ 34. Kh3 Bf6 35. Be4 Rc5 36. Rd5 Rxd5 37. Bxd5+ Kf8 38. Rxa6 Bd4 39. Re6 1-0

[Event "Heraklio op"]
[Site "Heraklion"]
[Date "2004.06.09"]
[Round "4.37"]
[White "Mourouti, Marietta"]
[Black "Ntatsis, Georgios"]
[Result "0-1"]
[WhiteElo "2040"]
[BlackElo "2029"]
[PlyCount "27"]
[EventDate "2004.??.??"]
[EventType "swiss"]
[EventRounds "9"]
[EventCountry "GRE"]
[SourceTitle "EXT 2007"]
[Source "ChessBase"]
[SourceDate "2006.11.23"]
[SourceVersion "1"]
[SourceVersionDate "2006.11.23"]
[SourceQuality "1"]

1. e4 c5 2. Nf3 Nc6 3. d4 cxd4 4. Nxd4 e5 5. Nb5 a6 6. N5c3 Nf6 7. Bg5 Bc5 8. Nd5 Bxf2+ 9. Kxf2 Nxe4+ 10. Ke1 Qxg5 11. Nc7+ Kd8 12. Nxa8 Nd4 13. Qd3 Qc1+ 14. Qd1 0-1

[Event "GRE-chT"]
[Site "Poros"]
[Date "1998.04.26"]
[Round "9"]
[White "Kouvatsou, Maria"]
[Black "Mourouti, Marietta"]
[Result "1/2-1/2"]
[WhiteElo "2135"]
[BlackElo "2040"]
[PlyCount "44"]
[EventDate "1998.??.??"]
[EventType "team"]
[EventRounds "9"]
[EventCountry "GRE"]
[SourceTitle "EXT 1999"]
[Source "ChessBase"]
[SourceDate "1998.11.16"]
[SourceVersion "1"]
[SourceVersionDate "1998.11.16"]
[SourceQuality "1"]

1. e4 e5 2. Nf3 Nc6 3. Bc4 Be7 4. c3 Nf6 5. d3 d6 6. 0-0 0-0 7. Bb3 Be6 8. Bxe6 fxe6 9. Qb3 Qd7 10. Nbd2 Na5 11. Qc2 c5 12. a3 b6 13. b4 Nc6 14. b5 Nd8 15. a4 Nf7 16. Nc4 Nh5 17. a5 bxa5 18. Qa4 Rfb8 19. Nxa5 Qxb5 20. Nc6 Qxa4 21. Rxa4 Rb7 22. Be3 Nd8 1/2-1/2

[Event "GRE-chT"]
[Site "Poros"]
[Date "1998.04.21"]
[Round "3"]
[White "Petraki, Maria"]
[Black "Mourouti, Marietta"]
[Result "1/2-1/2"]
[WhiteElo "2120"]
[BlackElo "2040"]
[PlyCount "38"]
[EventDate "1998.??.??"]
[EventType "team"]
[EventRounds "9"]
[EventCountry "GRE"]
[SourceTitle "EXT 1999"]
[Source "ChessBase"]
[SourceDate "1998.11.16"]
[SourceVersion "1"]
[SourceVersionDate "1998.11.16"]
[SourceQuality "1"]

1. e4 e5 2. Bc4 c6 3. Nf3 d6 4. Nc3 Bg4 5. h3 Bxf3 6. Qxf3 Nf6 7. d3 h6 8. 0-0 Nbd7 9. Be3 Nb6 10. Bb3 Be7 11. Qg3 g5 12. Qf3 Qc7 13. a4 a5 14. Ne2 Nbd7 15. Ng3 Nc5 16. Bc4 Ne6 17. Nf5 0-0-0 18. Nxe7+ Qxe7 19. Bb6 Rdg8 1/2-1/2

[Event "GRE-chT"]
[Site "Poros"]
[Date "1998.04.20"]
[Round "1"]
[White "Mourouti, Marietta"]
[Black "Fakhiridou, Ekaterini"]
[Result "0-1"]
[WhiteElo "2040"]
[BlackElo "2225"]
[PlyCount "64"]
[EventDate "1998.??.??"]
[EventType "team"]
[EventRounds "9"]
[EventCountry "GRE"]
[SourceTitle "EXT 1999"]
[Source "ChessBase"]
[SourceDate "1998.11.16"]
[SourceVersion "1"]
[SourceVersionDate "1998.11.16"]
[SourceQuality "1"]

1. e4 c5 2. Nf3 d6 3. d4 cxd4 4. Qxd4 Nc6 5. Bb5 Bd7 6. Bxc6 Bxc6 7. c4 Nf6 8. Nc3 e5 9. Qd3 Be7 10. 0-0 0-0 11. Rd1 Rc8 12. Bg5 Ne8 13. Be3 b6 14. Qe2 Qc7 15. Rac1 Qb7 16. Nd5 Bd8 17. h3 Nc7 18. Nh2 Nxd5 19. cxd5 Bd7 20. Rxc8 Bxc8 21. Rc1 Bd7 22. Nf1 f5 23. f3 a6 24. Nd2 b5 25. b4 Bh4 26. Nb3 Be8 27. Na5 Qf7 28. g4 fxe4 29. fxe4 Qg6 30. Nc6 Qxe4 31. Qd2 Rf3 32. Kh2 Rxe3 0-1

[Event "GRE-chT"]
[Site "Athens"]
[Date "1996.??.??"]
[Round "8"]
[White "Giaidzi, Aspasia"]
[Black "Mourouti, Marietta"]
[Result "1-0"]
[WhiteElo "2090"]
[BlackElo "2040"]
[PlyCount "71"]
[EventDate "1996.??.??"]
[EventType "team"]
[EventRounds "9"]
[EventCountry "GRE"]
[SourceTitle "CBM 055 Extra"]
[Source "ChessBase"]
[SourceDate "1997.01.01"]
[SourceVersion "1"]
[SourceVersionDate "1997.01.01"]
[SourceQuality "1"]

1. Nf3 c5 2. c4 Nc6 3. e3 g6 4. Nc3 Bg7 5. Be2 Nf6 6. 0-0 0-0 7. d4 cxd4 8. exd4 d6 9. Re1 b6 10. Bf1 Bg4 11. Be3 Rc8 12. h3 Bd7 13. Bf4 Na5 14. Nd2 Nc6 15. d5 Nd4 16. Nde4 Ne8 17. Rc1 e5 18. dxe6 Bxe6 19. Bg5 Qc7 20. Nd5 Bxd5 21. cxd5 Qb7 22. Rxc8 Qxc8 23. Be7 Nf5 24. Bxf8 Kxf8 25. Bb5 Nc7 26. Qc1 Bh6 27. Qc3 Bg7 28. Nf6 Bxf6 29. Qxf6 Kg8 30. Bc6 Qf8 31. g4 Ng7 32. Qe7 Nce8 33. Bxe8 Qxe7 34. Rxe7 Kf8 35. Rxf7+ Kxe8 36. Rxg7 1-0

[Event "GRE-ch (Women)"]
[Site "Athens"]
[Date "1991.??.??"]
[Round "?"]
[White "Mourouti, Marietta"]
[Black "Makropoulou, Marina"]
[Result "0-1"]
[WhiteElo "2040"]
[BlackElo "2265"]
[PlyCount "66"]
[EventDate "1991.??.??"]
[EventType "tourn"]
[EventRounds "9"]
[EventCountry "GRE"]
[SourceTitle "EXT 2003"]
[Source "ChessBase"]
[SourceDate "2002.11.25"]
[SourceVersion "1"]
[SourceVersionDate "2002.11.25"]
[SourceQuality "1"]

1. e4 c5 2. Nf3 Nc6 3. Bb5 e6 4. Bxc6 bxc6 5. 0-0 d5 6. d3 Nf6 7. Nbd2 Be7 8. h3 0-0 9. Ne5 Qc7 10. f4 Bd6 11. exd5 cxd5 12. Ndf3 Bb7 13. Qe1 Nd7 14. Bd2 f6 15. Ng4 Rae8 16. Qg3 Kh8 17. h4 Nb8 18. h5 Qf7 19. Qh3 Nc6 20. Rae1 Bc8 21. g3 e5 22. fxe5 Nxe5 23. Nfxe5 Bxe5 24. Nxe5 Rxe5 25. g4 Rfe8 26. Rxe5 Rxe5 27. Qg3 Qe8 28. Rf2 h6 29. Kh2 Qe6 30. Rg2 Kh7 31. b3 Bb7 32. Rf2 d4 33. Kh3 Rxh5+ 0-1

[Event "GRE-ch (Women)"]
[Site "Athens"]
[Date "1991.??.??"]
[Round "?"]
[White "Petraki, Maria"]
[Black "Mourouti, Marietta"]
[Result "1-0"]
[WhiteElo "2060"]
[BlackElo "2040"]
[PlyCount "65"]
[EventDate "1991.??.??"]
[EventType "tourn"]
[EventRounds "9"]
[EventCountry "GRE"]
[SourceTitle "EXT 2003"]
[Source "ChessBase"]
[SourceDate "2002.11.25"]
[SourceVersion "1"]
[SourceVersionDate "2002.11.25"]
[SourceQuality "1"]

1. d4 Nf6 2. c4 e6 3. Nf3 Bb4+ 4. Bd2 Qe7 5. Nc3 Bxc3 6. Bxc3 Ne4 7. Qc2 Nxc3 8. Qxc3 d6 9. g3 b6 10. Bg2 Bb7 11. 0-0 Nd7 12. Qc2 0-0 13. e4 e5 14. Rad1 a5 15. b3 Rfe8 16. Rfe1 Rad8 17. Qd2 Nf6 18. Nh4 g6 19. f4 exf4 20. e5 dxe5 21. Bxb7 fxg3 22. hxg3 c5 23. Bc6 Rxd4 24. Qe3 Ng4 25. Qe2 Red8 26. Rxd4 Rxd4 27. Nf3 Rd6 28. Bd5 Nf6 29. Qd2 e4 30. Qf4 Nxd5 31. cxd5 Rxd5 32. Rxe4 Qd8 33. Qe3 1-0

[Event "Athens Akropolis (Women)"]
[Site "Athens"]
[Date "1989.??.??"]
[Round "?"]
[White "Misanovic, Vesna"]
[Black "Mourouti, Marietta"]
[Result "1-0"]
[WhiteElo "2285"]
[BlackElo "1845"]
[PlyCount "71"]
[EventDate "1989.??.??"]
[EventType "swiss"]
[EventRounds "9"]
[EventCountry "GRE"]
[SourceTitle "EXT 1997"]
[Source "ChessBase"]
[SourceDate "1996.11.15"]
[SourceVersion "1"]
[SourceVersionDate "1996.11.15"]
[SourceQuality "1"]

1. d4 Nf6 2. c4 e5 3. dxe5 Ng4 4. e3 Nxe5 5. Nh3 Bc5 6. Nf4 d6 7. Be2 Bf5 8. Nc3 Nbd7 9. Ncd5 c6 10. Nc3 Nf6 11. 0-0 0-0 12. Na4 Bb6 13. Nxb6 axb6 14. b3 Ng6 15. Nxg6 Bxg6 16. Bb2 Ra5 17. Bc3 Ra8 18. Bb4 c5 19. Bc3 Ne4 20. Bb2 Qg5 21. f4 Qh6 22. Qd5 Rae8 23. Rf3 Nf6 24. Qxd6 Be4 25. Rh3 Re6 26. Qxe6 fxe6 27. Rxh6 gxh6 28. Rd1 Kf7 29. Rd6 Rg8 30. g3 Bc6 31. f5 Ne4 32. Bh5+ Ke7 33. Rxe6+ Kd7 34. Bf3 Ng5 35. Bxc6+ bxc6 36. Rxh6 1-0

[Event "Athens Akropolis (Women)"]
[Site "Athens"]
[Date "1989.??.??"]
[Round "?"]
[White "Mourouti, Marietta"]
[Black "Botsari, Anna Maria"]
[Result "1-0"]
[WhiteElo "1845"]
[BlackElo "2160"]
[PlyCount "83"]
[EventDate "1989.??.??"]
[EventType "swiss"]
[EventRounds "9"]
[EventCountry "GRE"]
[SourceTitle "EXT 1997"]
[Source "ChessBase"]
[SourceDate "1996.11.15"]
[SourceVersion "1"]
[SourceVersionDate "1996.11.15"]
[SourceQuality "1"]

1. e4 e5 2. Nf3 Nc6 3. Bb5 f5 4. exf5 e4 5. Qe2 Qe7 6. Bxc6 bxc6 7. Nd4 Qe5 8. Nf3 Qxf5 9. d3 Nf6 10. Nbd2 d5 11. dxe4 dxe4 12. 0-0 Kf7 13. Nd4 Qd5 14. Qc4 Bd7 15. c3 Bd6 16. Re1 Rhe8 17. Nc2 Kf8 18. Ne3 Qh5 19. Ndf1 Rab8 20. Qe2 Qg6 21. Ng3 h5 22. Nc4 h4 23. Nxd6 cxd6 24. Nf1 Bh3 25. g3 Rb5 26. Be3 Qf5 27. Bf4 Qd7 28. Rad1 d5 29. Ne3 Qe6 30. c4 Rb7 31. cxd5 cxd5 32. Bg5 Rd7 33. Bxf6 gxf6 34. Qh5 hxg3 35. hxg3 d4 36. Nc2 Bg4 37. Qh6+ Kg8 38. Rxd4 Bf3 39. Rxd7 Qxd7 40. Qg6+ Qg7 41. Qxe8+ Kh7 42. Nd4 1-0